| 000 | 00942cam a2200217 4500 | ||
|---|---|---|---|
| 001 | WB3913-07 | ||
| 008 | 030401n2003 000 0 eng u | ||
| 035 | _a(Sirsi) u121840 | ||
| 245 | _aMinisters set Scotland's energy target | ||
| 260 | _c2003 | ||
| 490 |
_aPlanning (for the Natural and Built Environment) _v28 March 2003, 4(1) |
||
| 490 |
_aScottish Executive News Release _v(SEEN408/2003) 25 March 2003 (3) |
||
| 520 | _aScottish ministers have confirmed that the target for generation of Scotland's energy requirement should be 40%. This target will be adopted as policy following a consultation period that began inAugust 2002. Scottish Executive News Release http://www.scotland.gov.uk/pages/news/2003/03/SEEN408.aspx | ||
| 590 | _aWB | ||
| 650 | _aRENEWABLE ENERGY | ||
| 650 | _aSCOTLAND | ||
| 650 | _aPOLLUTION CONTROL | ||
| 650 | _aENERGY RESOURCES | ||
| 690 | _aENVIRONMENTAL AND LAND CONSULTANCY-ENERGY | ||
| 942 | _n0 | ||
| 999 |
_c72400 _d72400 |
||